[Event "18.int.Seniorenturnier Bad Woerishofen"]
[Site "Veranstalter: chessorg"]
[Date "2002.03.08"]
[Round "2"]
[White "Pukropski, Walter"]
[Black "Kuhn, Arno_29Ludw"]
[Result "0-1"]
[WhiteElo "1731"]
[BlackElo "1532"]
[PlyCount "122"]
[EventDate "2002.03.??"]

1. d4 d5 2. Bf4 Nf6 3. e3 Bf5 4. Bd3 Bxd3 5. Qxd3 e6 6. Qb5+ Nbd7 7. Nf3 Bd6 8.
O-O O-O 9. b3 Bxf4 10. exf4 Rb8 11. Nbd2 c6 12. Qd3 c5 13. Rfe1 b5 14. Ne5 Qc7
15. c3 c4 16. Qh3 a5 17. Re3 Rfe8 18. Rae1 Nf8 19. g4 Ng6 20. Nxg6 hxg6 21. Qg3
Qd6 22. Rf3 Qa3 23. Qh4 Qxa2 24. Rh3 Kf8 25. Nf3 cxb3 26. Ne5 b2 27. Qh8+ Ke7
28. Qxg7 Rf8 29. Nxg6+ Kd7 30. f5 b1=Q 31. fxe6+ Kc7 32. Rhe3 Qxe1+ 33. Rxe1
Nxg4 34. Rf1 Qe2 35. Qh7 Qxe6 36. Nxf8 Rxf8 37. Qg7 Re8 38. h3 Nh6 39. Qg3+ Qd6
40. Kh2 Rg8 41. Qe5 Qxe5+ 42. dxe5 Nf5 43. Ra1 Kb6 44. Re1 Rg6 45. f4 Nh4 46.
Rf1 Nf5 47. Rd1 Kc5 48. Ra1 a4 49. Rb1 Rb6 50. h4 Nxh4 51. Kg3 Nf5+ 52. Kg4
Ne3+ 53. Kf3 Nf5 54. Kg4 Ng7 55. f5 a3 56. Ra1 Ra6 57. e6 fxe6 58. f6 Nf5 59.
Kg5 b4 60. cxb4+ Kxb4 61. f7 Ra8 0-1

[Event "18.int.Seniorenturnier Bad Woerishofen"]
[Site "Veranstalter: chessorg"]
[Date "2002.03.08"]
[Round "2"]
[White "Ruth, Walter"]
[Black "Hausner, Alfreda"]
[Result "1/2-1/2"]
[WhiteElo "1855"]
[BlackElo "1696"]
[PlyCount "90"]
[EventDate "2002.03.??"]

1. Nf3 d5 2. b3 Bf5 3. Bb2 e6 4. e3 a6 5. Be2 Nf6 6. O-O Be7 7. d3 O-O 8. Nbd2
Nbd7 9. c4 c6 10. Re1 Rc8 11. a3 Ne8 12. e4 dxe4 13. dxe4 Bg6 14. Bf1 Bh5 15.
Qc2 Bg6 16. Rad1 Qc7 17. Qc3 Bf6 18. e5 Be7 19. Ne4 Nc5 20. Nd6 Rd8 21. Qe3 h6
22. b4 Na4 23. Ba1 Nxd6 24. exd6 Bxd6 25. Qb3 b5 26. cxb5 cxb5 27. Rc1 Qb7 28.
Qe3 Rfe8 29. Ne5 Bh7 30. Nc6 Rd7 31. g3 Nb6 32. Bg2 Nc4 33. Rxc4 bxc4 34. Ne7+
Bxe7 35. Bxb7 Rxb7 36. Qd4 Bf6 37. Qxc4 Bxa1 38. Rxa1 Rd8 39. Rc1 Bg6 40. Qc6
Rbd7 41. b5 Kh7 42. a4 Bf5 43. Kg2 Rd4 44. Qxa6 R8d7 45. Qc8 Rd8 1/2-1/2

[Event "18.int.Seniorenturnier Bad Woerishofen"]
[Site "Veranstalter: chessorg"]
[Date "2002.03.08"]
[Round "2"]
[White "Schafroth, Georg"]
[Black "Wohlfart, Karl_Heinz"]
[Result "1-0"]
[WhiteElo "1422"]
[BlackElo "1699"]
[PlyCount "77"]
[EventDate "2002.03.??"]

1. d4 d6 2. c4 Nf6 3. Nc3 g6 4. h3 Bg7 5. Nf3 O-O 6. e3 c6 7. Bd3 Qc7 8. O-O e5
9. dxe5 dxe5 10. e4 Nbd7 11. b4 a5 12. Ba3 Re8 13. Qb3 Nf8 14. b5 Ne6 15. b6
Qd8 16. Rfd1 Nd4 17. Nxd4 exd4 18. Ne2 Nxe4 19. f3 Ng5 20. Bc5 Ne6 21. Ba3 a4
22. Qb2 Qh4 23. Bd6 Bd7 24. Rac1 Ng5 25. Bg3 Nxf3+ 26. Kf2 Qg5 27. gxf3 Bxh3
28. Nf4 Be5 29. Qd2 h5 30. Rg1 Bd6 31. Bh2 Qh6 32. Bxg6 Kf8 33. Ne6+ Rxe6 34.
Qxh6+ Ke7 35. Bxd6+ Kxd6 36. Qf4+ Kc5 37. Bxf7 Re3 38. Rg5+ Kb4 39. Qxd4 1-0

[Event "18.int.Seniorenturnier Bad Woerishofen"]
[Site "Veranstalter: chessorg"]
[Date "2002.03.08"]
[Round "2"]
[White "Scheidt, Eugen"]
[Black "Budde, Reinhard"]
[Result "1/2-1/2"]
[WhiteElo "1790"]
[BlackElo "1598"]
[PlyCount "33"]
[EventDate "2002.03.??"]

1. e4 e5 2. Nf3 Nc6 3. Bb5 a6 4. Ba4 Nf6 5. O-O Nxe4 6. d4 b5 7. Bb3 d5 8. dxe5
Be6 9. Be3 Na5 10. Nc3 Nxc3 11. bxc3 Be7 12. a4 c5 13. Qd2 O-O 14. Bg5 Bxg5 15.
Nxg5 h6 16. Nxe6 fxe6 17. axb5 1/2-1/2

[Event "18.int.Seniorenturnier Bad Woerishofen"]
[Site "Veranstalter: chessorg"]
[Date "2002.03.08"]
[Round "2"]
[White "Schumacher, Horst"]
[Black "Block, Herbert"]
[Result "1-0"]
[WhiteElo "1787"]
[BlackElo "1485"]
[PlyCount "65"]
[EventDate "2002.03.??"]

1. e4 e5 2. Bc4 d6 3. Nf3 h6 4. d4 exd4 5. Nxd4 Nc6 6. Be3 Nf6 7. f3 Be7 8. c3
Ne5 9. Bb3 O-O 10. Qe2 Nh7 11. Nd2 c5 12. Nc2 b6 13. Bf4 Bh4+ 14. g3 Bf6 15.
Bxe5 dxe5 16. h4 a5 17. Bd5 Ba6 18. c4 Rb8 19. Ne3 Bb7 20. Kf2 g6 21. Ng4 Kg7
22. Qe3 g5 23. Nxh6 gxh4 24. Nf5+ Kh8 25. Nxh4 Bg5 26. Qc3 Qf6 27. Rh2 Bxh4 28.
Rxh4 Rg8 29. Rah1 Rg7 30. Rh6 Qg5 31. f4 exf4 32. Rxh7+ Kg8 33. Rh8# 1-0

[Event "18.int.Seniorenturnier Bad Woerishofen"]
[Site "Veranstalter: chessorg"]
[Date "2002.03.08"]
[Round "2"]
[White "Thonig, Manfred"]
[Black "Koenigl, Anton"]
[Result "1-0"]
[WhiteElo "1603"]
[BlackElo "1827"]
[PlyCount "133"]
[EventDate "2002.03.??"]

1. f4 g6 2. Nf3 d5 3. d4 Bg7 4. e3 Bg4 5. Be2 Nd7 6. Nbd2 Nh6 7. Ne5 Nxe5 8.
fxe5 Bd7 9. Nf3 O-O 10. O-O f6 11. c4 Be6 12. Qc2 c6 13. Bd2 Qc7 14. cxd5 Bxd5
15. e4 Bf7 16. Bf4 fxe5 17. Nxe5 Qb6 18. Rad1 Rad8 19. Bxh6 Bxh6 20. Nxf7 Rxf7
21. Bc4 Rxd4 22. Bxf7+ Kh8 23. Rxd4 Qxd4+ 24. Kh1 Bg7 25. Rd1 Qb6 26. Qd3 Bf6
27. Qd8+ Qxd8 28. Rxd8+ Kg7 29. Bb3 Bxb2 30. Rd7 Kf6 31. Rxb7 Bd4 32. g4 h6 33.
h4 g5 34. hxg5+ hxg5 35. Rb8 a5 36. Rf8+ Ke5 37. Bc2 Ke6 38. Rf5 Be3 39. Bb3+
Kd6 40. Rxa5 Bd2 41. e5+ Kc7 42. Ra7+ Kd8 43. Be6 Bb4 44. Rd7+ Ke8 45. Bf5 Kf7
46. e6+ Kf6 47. Kg2 Ke5 48. Kf3 Ba3 49. Rc7 Kd6 50. Ra7 Bc5 51. Rd7+ Ke5 52. a4
Bb4 53. a5 Bxa5 54. Rxe7 Bb4 55. Rg7 Kf6 56. Rg6+ Ke5 57. e7 Bxe7 58. Re6+ Kd5
59. Rxe7 c5 60. Ke3 c4 61. Rg7 Kc5 62. Rxg5 Kb4 63. Rh5 c3 64. Bc2 Ka3 65. Rb5
Ka2 66. Kd3 Ka1 67. Kxc3 1-0

[Event "18.int.Seniorenturnier Bad Woerishofen"]
[Site "Veranstalter: chessorg"]
[Date "2002.03.08"]
[Round "2"]
[White "Weber, Siegfried_27Fech"]
[Black "Ruppert, Lothar"]
[Result "1/2-1/2"]
[WhiteElo "1571"]
[BlackElo "1945"]
[PlyCount "63"]
[EventDate "2002.03.??"]

1. e4 c5 2. Nf3 d6 3. d4 cxd4 4. Nxd4 Nf6 5. Nc3 a6 6. Be2 e6 7. Be3 Be7 8. O-O
O-O 9. Qd2 Qc7 10. Rac1 b5 11. a3 Bb7 12. f3 Nc6 13. Nxc6 Bxc6 14. Rfd1 Rfd8
15. Qe1 d5 16. exd5 Nxd5 17. Nxd5 Bxd5 18. Qf2 Rac8 19. Bb6 Qxb6 20. Qxb6 Bc5+
21. Qxc5 Rxc5 22. c3 Kf8 23. Kf2 Ke7 24. -- Rdc8 25. Rd2 a5 26. Rcd1 R8c7 27.
Rd4 Bb3 28. R1d2 a4 29. f4 Bd5 30. Ke3 Bc6 31. Bf3 Bxf3 32. Kxf3 1/2-1/2

[Event "18.int.Seniorenturnier Bad Woerishofen"]
[Site "Veranstalter: chessorg"]
[Date "2002.03.08"]
[Round "2"]
[White "Wendel, Walter"]
[Black "Schratzenstaller, Albert"]
[Result "0-1"]
[WhiteElo "1413"]
[BlackElo "1769"]
[PlyCount "128"]
[EventDate "2002.03.??"]

1. c4 Nf6 2. Nc3 c6 3. d4 d5 4. e3 e6 5. Nf3 Bd6 6. Be2 b6 7. cxd5 cxd5 8. O-O
Nc6 9. Ne1 Bb7 10. f4 Rc8 11. a3 O-O 12. Nf3 Na5 13. Bd2 Qe7 14. Nb5 Nc6 15.
Nxd6 Qxd6 16. Ne5 Qb8 17. Rc1 Nxe5 18. fxe5 Rxc1 19. Qxc1 Rc8 20. Qb1 Ne4 21.
Rd1 Nxd2 22. Rxd2 Qc7 23. Bd3 g6 24. Rc2 Qd7 25. Rxc8+ Qxc8 26. Qc2 Qd7 27. g3
Bc6 28. Kf2 Kg7 29. Qe2 f5 30. h4 Ba4 31. g4 fxg4 32. Qxg4 Qf7+ 33. Qf4 Bd1 34.
Ke1 Qxf4 35. exf4 Bg4 36. Kf2 Kf7 37. Bc2 Ke7 38. Ba4 a6 39. b4 Bf5 40. Ke3 Bh3
41. Kf2 Kf7 42. Bc6 Bf5 43. Ke3 Kg7 44. Bb7 a5 45. bxa5 bxa5 46. Bc6 Kh6 47.
Kf3 Kh5 48. Kg3 Bg4 49. Be8 Bf5 50. Bb5 Kh6 51. Be2 Kg7 52. h5 Bc2 53. Kh4 h6
54. Bg4 Kf7 55. Be2 Ba4 56. hxg6+ Kxg6 57. Bh5+ Kf5 58. Kg3 Ke4 59. Bf7 Bd7 60.
Bg6+ Kxd4 61. Kf3 Kc3 62. Kg4 d4 63. f5 d3 64. f6 d2 0-1

[Event "18.int.Seniorenturnier Bad Woerishofen"]
[Site "Veranstalter: chessorg"]
[Date "2002.03.08"]
[Round "2"]
[White "Wolf, Margot"]
[Black "Miessner, Rolf"]
[Result "0-1"]
[WhiteElo "1221"]
[BlackElo "1634"]
[PlyCount "70"]
[EventDate "2002.03.??"]

1. d4 Nf6 2. Nf3 d5 3. Bf4 Bf5 4. h3 e6 5. e3 Nbd7 6. c3 Be7 7. Bd3 Bxd3 8.
Qxd3 O-O 9. O-O c5 10. Nbd2 c4 11. Qc2 b5 12. e4 dxe4 13. Nxe4 Nxe4 14. Qxe4
Nf6 15. Qc2 Rc8 16. Rfe1 Nd5 17. Bg3 a5 18. a3 b4 19. Qd2 bxa3 20. bxa3 a4 21.
Reb1 Qa5 22. Rc1 Rfd8 23. Bh4 Bxh4 24. Nxh4 Rb8 25. Nf3 Rb3 26. Ne5 Rc8 27.
Rab1 Qb5 28. Qc2 Rb8 29. Rxb3 axb3 30. Qb2 Ra8 31. g3 Ra4 32. Ng4 Qa5 33. Ra1
Qxc3 34. Qxc3 Nxc3 35. Rc1 Ne2+ 0-1

[Event "18.int.Seniorenturnier Bad Woerishofen"]
[Site "Veranstalter: chessorg"]
[Date "2002.03.08"]
[Round "2"]
[White "Xander, Karl_Dr"]
[Black "Villing, Dieter"]
[Result "0-1"]
[WhiteElo "1969"]
[BlackElo "2084"]
[PlyCount "28"]
[EventDate "2002.03.??"]

1. e4 c5 2. Nf3 Nc6 3. d4 cxd4 4. Nxd4 Nf6 5. Nc3 e6 6. Nxc6 bxc6 7. e5 Nd5 8.
Nxd5 cxd5 9. Bd3 Qc7 10. O-O Qxe5 11. Re1 Qb8 12. Qg4 Qb4 13. Bf4 a5 14. Qg3
Bd6 0-1

[Event "18.int.Seniorenturnier Bad Woerishofen"]
[Site "Veranstalter: chessorg"]
[Date "2002.03.08"]
[Round "2"]
[White "Zohr, Adelbert"]
[Black "Baur, Theo"]
[Result "0-1"]
[WhiteElo "1762"]
[BlackElo "1499"]
[PlyCount "82"]
[EventDate "2002.03.??"]

1. d4 d5 2. c4 c6 3. e3 Bf5 4. Nc3 e6 5. Nf3 h6 6. cxd5 exd5 7. h3 Nf6 8. Bd3
Bxd3 9. Qxd3 Bb4 10. O-O O-O 11. a3 Bd6 12. b4 Nbd7 13. Na4 Ne4 14. Nc5 Nexc5
15. bxc5 Bc7 16. Bd2 Nf6 17. Rab1 Rb8 18. Rb3 Ne4 19. Rfb1 Nxd2 20. Nxd2 b6 21.
Qc3 b5 22. Nf3 Re8 23. Qd3 Qf6 24. R3b2 Re6 25. a4 a6 26. axb5 axb5 27. Ra2 g6
28. Ra7 Re7 29. Rba1 Rc8 30. Ne1 h5 31. Nc2 Kg7 32. Nb4 Bb8 33. Ra8 Ree8 34.
R1a6 Bh2+ 35. Kxh2 Rxa8 36. Rxc6 Qxf2 37. Nxd5 Ra1 38. Qxb5 h4 39. Rxg6+ Kxg6
40. Nf4+ Kh7 41. Nh5 Qg1# 0-1

[Event "18.int.Seniorenturnier Bad Woerishofen"]
[Site "Veranstalter: chessorg"]
[Date "2002.03.09"]
[Round "3"]
[White "Bareth, Walter"]
[Black "Auf'm_Wasser, Guenter"]
[Result "1-0"]
[WhiteElo "1846"]
[BlackElo "1588"]
[PlyCount "71"]
[EventDate "2002.03.??"]

1. d4 Nf6 2. Nf3 g6 3. Bf4 d6 4. e3 Bg7 5. h3 O-O 6. Bc4 c6 7. O-O d5 8. Bd3
Ne4 9. Nbd2 f5 10. Ne5 Nd7 11. Nxd7 Bxd7 12. Nf3 Nf6 13. c3 e6 14. a4 a6 15.
Qc2 Bc8 16. b4 b5 17. axb5 cxb5 18. Bxb5 Bb7 19. Bd3 Rc8 20. Bxa6 Bxa6 21. Rxa6
Ne4 22. Ra3 Rf7 23. Nd2 g5 24. Nxe4 gxf4 25. Nc5 Qf6 26. exf4 e5 27. fxe5 Qg6
28. Rfa1 Rfc7 29. Ra8 Bf8 30. Rxc8 Rxc8 31. Ra6 Qh5 32. Rf6 f4 33. Rxf4 Ra8 34.
Rf3 Bh6 35. Qf5 Bg5 36. Ne6 1-0

[Event "18.int.Seniorenturnier Bad Woerishofen"]
[Site "Veranstalter: chessorg"]
[Date "2002.03.09"]
[Round "3"]
[White "Buchner, Matthias"]
[Black "Disselberger, Alfons"]
[Result "1/2-1/2"]
[WhiteElo "1543"]
[BlackElo "1391"]
[PlyCount "37"]
[EventDate "2002.03.??"]

1. e4 e6 2. d4 d5 3. Nd2 Nf6 4. e5 Nfd7 5. Ngf3 c5 6. c3 Nc6 7. Bb5 a6 8. Bxc6
bxc6 9. O-O a5 10. Re1 Be7 11. Nf1 O-O 12. Be3 Bb7 13. a3 c4 14. Rb1 a4 15. h3
c5 16. dxc5 Nxc5 17. Bxc5 Bxc5 18. Nd4 Bxd4 19. cxd4 1/2-1/2

[Event "18.int.Seniorenturnier Bad Woerishofen"]
[Site "Veranstalter: chessorg"]
[Date "2002.03.09"]
[Round "3"]
[White "Budde, Reinhard"]
[Black "Greifzu, Helmut"]
[Result "1/2-1/2"]
[WhiteElo "1598"]
[BlackElo "1851"]
[PlyCount "63"]
[EventDate "2002.03.??"]

1. e4 e5 2. Nf3 Nf6 3. Nc3 Bb4 4. d3 Nc6 5. Bd2 d6 6. h3 h6 7. Be2 Be6 8. O-O
Qd7 9. Kh2 g5 10. Rh1 g4 11. hxg4 Nxg4+ 12. Kg1 Bc5 13. Be1 O-O-O 14. Na4 Rdg8
15. Nxc5 dxc5 16. c3 f6 17. b4 Qg7 18. Nh4 cxb4 19. d4 exd4 20. cxd4 Bd7 21. d5
Nce5 22. Rc1 Kb8 23. Bxb4 Ng6 24. Nf5 Bxf5 25. exf5 N6e5 26. Qf1 h5 27. Rc3 Qg5
28. f4 Qxf5 29. fxe5 Qxe5 30. Rd3 Ne3 31. Rxe3 Qxe3+ 32. Qf2 1/2-1/2

[Event "18.int.Seniorenturnier Bad Woerishofen"]
[Site "Veranstalter: chessorg"]
[Date "2002.03.09"]
[Round "3"]
[White "Claus, Joachim"]
[Black "Brehme, Helmut"]
[Result "1-0"]
[WhiteElo "1864"]
[BlackElo "1597"]
[PlyCount "107"]
[EventDate "2002.03.??"]

1. e4 e5 2. Nf3 Nc6 3. d4 exd4 4. Bc4 h6 5. O-O d6 6. Nxd4 Nf6 7. Bf4 Ne5 8.
Bb3 Be7 9. Nc3 O-O 10. Qe2 Bg4 11. f3 Bh5 12. Bxe5 dxe5 13. Nf5 c6 14. Nxe7+
Qxe7 15. Rfd1 Rad8 16. Qe3 a6 17. Rd3 Rxd3 18. cxd3 Rd8 19. Rd1 Ne8 20. Ne2 c5
21. Nc3 Nc7 22. Na4 Ne6 23. Bxe6 Qxe6 24. b3 Rd4 25. Nxc5 Qb6 26. Na4 Qb4 27.
Qd2 Qd6 28. Nb2 f6 29. Qc3 b5 30. Rd2 Qb6 31. Kf1 Bf7 32. Rc2 Rd6 33. Qc5 Qxc5
34. Rxc5 Be6 35. g4 Kh7 36. Ke2 Kg6 37. h4 Bd7 38. Nd1 Rc6 39. Rxc6 Bxc6 40.
Ke3 h5 41. b4 hxg4 42. fxg4 Bd7 43. Nf2 Be6 44. a3 Kh6 45. d4 exd4+ 46. Kxd4
Kg6 47. Kc5 Kf7 48. Kb6 Bc8 49. Kc7 Be6 50. Kb7 Bc4 51. Kxa6 Ke6 52. Ka5 Ke5
53. a4 Kf4 54. axb5 1-0

[Event "18.int.Seniorenturnier Bad Woerishofen"]
[Site "Veranstalter: chessorg"]
[Date "2002.03.09"]
[Round "3"]
[White "Duer, Maria"]
[Black "Malik, Rosemarie"]
[Result "1-0"]
[WhiteElo "1783"]
[BlackElo "1293"]
[PlyCount "117"]
[EventDate "2002.03.??"]

1. Nf3 d5 2. d4 e6 3. c4 Nf6 4. Bg5 Be7 5. e3 O-O 6. Nc3 c6 7. Rc1 h6 8. Bxf6
Bxf6 9. Bd3 dxc4 10. Bxc4 Nd7 11. O-O b5 12. Bd3 Bb7 13. Qe2 a6 14. Rfd1 Qe7
15. Ne4 Rac8 16. Nc5 Nxc5 17. Rxc5 Rfd8 18. Rdc1 Rd5 19. Be4 Rxc5 20. Rxc5 g6
21. Qc2 Qe8 22. a3 Be7 23. Rc3 Bf6 24. g3 Ba8 25. h4 h5 26. b4 Bb7 27. Rc5 Be7
28. Rc3 Bf6 29. Qd1 Qf8 30. Bb1 Rd8 31. Qe2 Rc8 32. e4 Rd8 33. e5 Be7 34. Be4
Rc8 35. Qc2 Qe8 36. Nd2 Rd8 37. Nb3 Ba8 38. Bxc6 Bxc6 39. Rxc6 Ra8 40. Rc7 Qd8
41. Qc6 Kg7 42. Rxe7 Rc8 43. Qb7 Qf8 44. Rxf7+ Qxf7 45. Qxc8 Qf3 46. Qxe6 Qd1+
47. Kg2 Qd3 48. Qd5 Qc2 49. e6 Qe2 50. Qe5+ Qxe5 51. dxe5 Kf8 52. Nc5 Ke7 53.
Kf3 Kd8 54. Ke4 Ke7 55. Kd5 Kd8 56. f4 Ke7 57. Nxa6 Kd8 58. Kd6 Ke8 59. Nc7+
1-0

[Event "18.int.Seniorenturnier Bad Woerishofen"]
[Site "Veranstalter: chessorg"]
[Date "2002.03.09"]
[Round "3"]
[White "Erler, Klaus_Juergen"]
[Black "Wolf, Margot"]
[Result "1-0"]
[WhiteElo "1677"]
[BlackElo "1221"]
[PlyCount "89"]
[EventDate "2002.03.??"]

1. c4 e6 2. Nc3 d5 3. d4 Nf6 4. Nf3 Nbd7 5. e3 c6 6. Bd3 Be7 7. O-O O-O 8. Qc2
h6 9. e4 dxc4 10. Bxc4 Qc7 11. Bd2 e5 12. Rac1 exd4 13. Nxd4 Ne5 14. Be2 Bg4
15. f3 Bd7 16. Kh1 Bc5 17. Ncb5 Qb6 18. Qxc5 cxb5 19. Qxb6 axb6 20. a3 Nc4 21.
Bxc4 bxc4 22. Rxc4 Rfc8 23. Rfc1 Rxc4 24. Rxc4 Ne8 25. Kg1 Nd6 26. Rc7 Bc8 27.
Bb4 Ne8 28. Re7 Kf8 29. Rxb7+ (29. Re6+ $1) 29... Kg8 30. Rxb6 Nc7 31. Nc6 Bd7
32. Ne7+ Kh7 33. Rb7 Na6 34. Rxd7 Nxb4 35. axb4 Ra1+ 36. Kf2 Rb1 37. Rd2 Rc1
38. b5 Rc7 39. Nd5 Rb7 40. b6 f6 41. Rc2 Kg8 42. Rc7 Rb8 43. b7 Kh7 44. Nxf6+
Kg6 45. Nd7 1-0

[Event "18.int.Seniorenturnier Bad Woerishofen"]
[Site "Veranstalter: chessorg"]
[Date "2002.03.09"]
[Round "3"]
[White "Fleckner, Hans"]
[Black "Eichinger, Adolf"]
[Result "1-0"]
[WhiteElo "1790"]
[BlackElo "1484"]
[PlyCount "43"]
[EventDate "2002.03.??"]

1. e4 c5 2. Nf3 d6 3. d4 cxd4 4. Nxd4 Nf6 5. Nc3 a6 6. Bg5 Nbd7 7. Be2 b5 8.
Bf3 e5 9. Nf5 Nc5 10. Nd5 Qa5+ 11. b4 Qa3 12. bxc5 Nxd5 13. Qxd5 Qc3+ 14. Ke2
Qxc2+ 15. Bd2 Rb8 16. Rab1 Qa4 17. Nxd6+ Bxd6 18. Qxd6 f6 19. Qxb8 O-O 20. Qd6
b4 21. Rhd1 Qb5+ 22. Ke1 1-0

[Event "18.int.Seniorenturnier Bad Woerishofen"]
[Site "Veranstalter: chessorg"]
[Date "2002.03.09"]
[Round "3"]
[White "Ganslmayer, Herbert"]
[Black "Diete, Guenter"]
[Result "1-0"]
[WhiteElo "1779"]
[BlackElo "1744"]
[PlyCount "131"]
[EventDate "2002.03.??"]

1. d4 d5 2. e3 c5 3. f4 Nf6 4. Nf3 Nc6 5. c3 cxd4 6. exd4 e6 7. Bd3 Bd6 8. O-O
Ne7 9. Ne5 O-O 10. Nd2 Nf5 11. Ndf3 Ne4 12. Qe1 Be7 13. Bxe4 dxe4 14. Qxe4 Nd6
15. Qc2 f6 16. Nd3 Re8 17. Be3 b6 18. Qb3 Kh8 19. Rad1 Qc7 20. Nf2 Nc4 21. Bc1
Bb7 22. Nd3 Rad8 23. Qc2 Be4 24. Qe2 Nd6 25. Nd2 Bd5 26. Nb4 Bf8 27. Nxd5 exd5
28. Qf3 Ne4 29. f5 Bd6 30. g3 Ng5 31. Qg2 Qf7 32. Rde1 Qh5 33. h4 Ne4 34. Nxe4
dxe4 35. Bf4 Bxf4 36. Rxf4 e3 37. Qf3 Qf7 38. a3 Qa2 39. Re2 Qb1+ 40. Kh2 Qd3
41. g4 Re7 42. g5 Rde8 43. Qg4 Re4 44. gxf6 gxf6 45. Rg2 R4e7 46. Qe2 Qb1 47.
Rg1 Qa2 48. Rfg4 Qd5 49. Rf1 Re4 50. Rff4 Qd6 51. Kg3 Rxf4 52. Rxf4 Rg8+ 53.
Kf3 Qd5+ 54. Re4 Qxf5+ 55. Kxe3 Qh3+ 56. Kf4 Qxh4+ 57. Kf5 Qg5+ 58. Ke6 Qg6 59.
Kd5 Qf7+ 60. Re6 Rd8+ 61. Kc4 Rd6 62. d5 Qc7+ 63. Kb3 Rd8 64. Rxf6 Qg7 65. Qe6
Qd7 66. Rf8+ 1-0

[Event "18.int.Seniorenturnier Bad Woerishofen"]
[Site "Veranstalter: chessorg"]
[Date "2002.03.09"]
[Round "3"]
[White "Gruebling, Karl_Heinz"]
[Black "Girod, Gudrun"]
[Result "1/2-1/2"]
[WhiteElo "1572"]
[BlackElo "1387"]
[PlyCount "50"]
[EventDate "2002.03.??"]

1. d4 d5 2. c4 e6 3. Nf3 Nf6 4. Nc3 h6 5. e3 Be7 6. Bd3 c6 7. O-O O-O 8. Qc2
dxc4 9. Bxc4 Nd5 10. e4 Nxc3 11. bxc3 Nd7 12. Rd1 Nf6 13. Bb3 Qc7 14. e5 Nh7
15. Qe4 f5 16. Qc2 Kh8 17. h4 g5 18. hxg5 Nxg5 19. Nxg5 hxg5 20. g3 Qd8 21. Kg2
Kg7 22. Rh1 Qe8 23. Qe2 Qg6 24. Bc2 Bd7 25. Bd2 Rh8 1/2-1/2

[Event "18.int.Seniorenturnier Bad Woerishofen"]
[Site "Veranstalter: chessorg"]
[Date "2002.03.09"]
[Round "3"]
[White "Haasper, Peter"]
[Black "Hennige, Anneliese"]
[Result "1-0"]
[WhiteElo "1793"]
[BlackElo "1144"]
[PlyCount "75"]
[EventDate "2002.03.??"]

1. d4 Nf6 2. c4 d5 3. cxd5 Nxd5 4. e4 Nf6 5. Nc3 e6 6. Bg5 Be7 7. Nf3 O-O 8.
Bd3 Nc6 9. e5 Nd5 10. Bxe7 Ndxe7 11. O-O Nxd4 12. Nxd4 Qxd4 13. Bxh7+ Kxh7 14.
Qxd4 Nf5 15. Qd3 g6 16. Ne4 Kg7 17. Nf6 Rh8 18. Rad1 b6 19. Qc3 c5 20. b4 Ba6
21. Rfe1 c4 22. a4 b5 23. axb5 Bxb5 24. Rd2 Ne7 25. Qf3 Bc6 26. Qf4 Nf5 27.
Qxc4 Ne7 28. Qc5 Kf8 29. Red1 Ba4 30. Rd8+ Rxd8 31. Rxd8+ Kg7 32. Rxh8 Kxh8 33.
Qxe7 Kg7 34. Ng4 Bc2 35. Qf6+ Kf8 36. Nh6 Ke8 37. Qxf7+ Kd8 38. Qxe6 1-0

[Event "18.int.Seniorenturnier Bad Woerishofen"]
[Site "Veranstalter: chessorg"]
[Date "2002.03.09"]
[Round "3"]
[White "Harke, Horst"]
[Black "Alicke, Manfred"]
[Result "1/2-1/2"]
[WhiteElo "1755"]
[BlackElo "1571"]
[PlyCount "86"]
[EventDate "2002.03.??"]

1. d4 e6 2. c4 d5 3. e3 c5 4. Nf3 Nc6 5. Nc3 Nf6 6. Be2 Bd6 7. O-O O-O 8. dxc5
Bxc5 9. Na4 b6 10. Nd4 Bb7 11. cxd5 exd5 12. Bf3 Ne7 13. b3 Rc8 14. Qd3 Ne4 15.
Bb2 Qd7 16. Nc3 f5 17. g3 Ng6 18. Bg2 Ne5 19. Qe2 Ng6 20. Bh3 Bxd4 21. Nxe4
Bxb2 22. Rad1 Bf6 23. Qh5 Ne7 24. Rd2 Qe6 25. Nxf6+ Rxf6 26. Bg2 Rh6 27. Qg5
Rg6 28. Qf4 Rg4 29. Qf3 Qe5 30. h3 Rg6 31. Rfd1 Rd6 32. Qh5 Qe6 33. Rc2 g6 34.
Rxc8+ Nxc8 35. Qg5 Ne7 36. Qf4 Kg7 37. h4 h6 38. Bh3 Bc8 39. e4 Rd8 40. Qc7 Rd7
41. Qc3+ Kh7 42. exf5 gxf5 43. Re1 Qf7 1/2-1/2

[Event "18.int.Seniorenturnier Bad Woerishofen"]
[Site "Veranstalter: chessorg"]
[Date "2002.03.09"]
[Round "3"]
[White "Hausner, Alfreda"]
[Black "Leschhorn, Heinrich"]
[Result "1/2-1/2"]
[WhiteElo "1696"]
[BlackElo "1846"]
[PlyCount "71"]
[EventDate "2002.03.??"]

1. d4 f5 2. g3 Nf6 3. Bg2 d5 4. Nf3 e6 5. Nbd2 c5 6. c3 Nc6 7. a3 Be7 8. O-O
O-O 9. Ne5 cxd4 10. Nxc6 bxc6 11. cxd4 Ba6 12. Re1 Qb6 13. e3 Rab8 14. b4 Bd6
15. Nb3 Bc8 16. Nc5 e5 17. Na4 Qc7 18. dxe5 Bxe5 19. Bb2 Bxb2 20. Nxb2 a5 21.
Nd3 Ne4 22. Rc1 axb4 23. Nxb4 Rxb4 24. axb4 Qd6 25. Qd4 Bd7 26. Re2 Rb8 27. Rb2
Re8 28. Bf1 Ng5 29. Bg2 Ne6 30. Qd2 Nc7 31. Bf1 Rb8 32. Rcb1 Qe7 33. Qd4 Re8
34. Qb6 Ne6 35. Kg2 Qd6 36. Qa6 1/2-1/2

[Event "18.int.Seniorenturnier Bad Woerishofen"]
[Site "Veranstalter: chessorg"]
[Date "2002.03.09"]
[Round "3"]
[White "Hein, Manfred"]
[Black "Richter, Gerhard_Dr_28Marb"]
[Result "1/2-1/2"]
[WhiteElo "2076"]
[BlackElo "1840"]
[PlyCount "122"]
[EventDate "2002.03.??"]

1. e4 d6 2. d4 Nf6 3. f3 g6 4. Be3 Bg7 5. c3 a6 6. Bd3 e5 7. dxe5 dxe5 8. Ne2
O-O 9. Bc2 Qe7 10. Bb3 Be6 11. O-O Nc6 12. Nd2 Rfd8 13. Bxe6 Qxe6 14. Qb3 Qe7
15. Rfd1 Na5 16. Qc2 Qe6 17. b3 Nc6 18. Nf1 h5 19. Rxd8+ Rxd8 20. Rd1 Rxd1 21.
Qxd1 Qd7 22. Qd2 Qe6 23. Qd3 Kf8 24. c4 Ke8 25. Nc3 Qd7 26. Qxd7+ Kxd7 27. Ng3
Nb4 28. Kf1 Nc2 29. Bd2 Ke6 30. Ke2 Nd4+ 31. Kd3 Nd7 32. b4 c5 33. b5 Nb6 34.
bxa6 bxa6 35. Nd5 Na4 36. Bc1 Kd6 37. Ne2 Kc6 38. Nec3 Nxc3 39. Nxc3 Bf6 40.
Nd5 Bd8 41. Bd2 g5 42. Bc3 Kd6 43. Ne3 Nc6 44. Nf5+ Kd7 45. a3 Nd4 46. Ne3 f6
47. Nf5 Ne6 48. g3 Bc7 49. h4 Nd4 50. Bxd4 exd4 51. g4 gxh4 52. Nxh4 hxg4 53.
fxg4 Ke6 54. Nf3 Bf4 55. Ke2 Kd6 56. Kd3 Kc6 57. Kc2 Kd6 58. Kd3 Bc1 59. a4 Bf4
60. Kc2 Ke6 61. Kd3 Kd6 1/2-1/2

[Event "18.int.Seniorenturnier Bad Woerishofen"]
[Site "Veranstalter: chessorg"]
[Date "2002.03.09"]
[Round "3"]
[White "Hennig, Manfred_Dr"]
[Black "Pukropski, Walter"]
[Result "1-0"]
[WhiteElo "1480"]
[BlackElo "1731"]
[PlyCount "77"]
[EventDate "2002.03.??"]

1. c4 e5 2. Nc3 Nf6 3. e4 Bc5 4. d3 d6 5. h3 Be6 6. a3 a5 7. Nf3 h6 8. Bd2 c6
9. Na4 Nbd7 10. Nxc5 dxc5 11. a4 Qc7 12. Be2 Rb8 13. b3 O-O 14. O-O Nh7 15. g4
Qd8 16. Nh2 Ng5 17. Kg2 b6 18. Qc1 Nh7 19. f3 Re8 20. Qe1 g5 21. Rh1 Ndf8 22.
Nf1 Ng6 23. Ng3 Nh4+ 24. Kh2 Nf8 25. Nf5 Bxf5 26. gxf5 Kh7 27. Be3 Nd7 28. Bf2
Rg8 29. Rg1 Qf6 30. Be3 Rg7 31. Qd2 Rbg8 32. Rg3 Nf8 33. Rag1 Kh8 34. Rg4 h5
35. Bxg5 Rxg5 36. Rxg5 Rxg5 37. Rxg5 Nh7 38. Rxh5 Qd8 39. Qh6 1-0